| 000 | 00484nam a22001937a 4500 | ||
|---|---|---|---|
| 003 | NUST | ||
| 005 | 20210805115328.0 | ||
| 008 | 210805b ||||| |||| 00| 0 eng d | ||
| 020 | _a9780470646137 | ||
| 038 | _aMuzammail | ||
| 082 |
_a510.2462 _bKRE |
||
| 100 |
_aKreyszig, Erwin _9572 |
||
| 245 |
_aAdvanced Engineering Mathematics\ _cErwin Kreyszig |
||
| 250 | _a10th | ||
| 260 |
_aNew York _bJohn Wiley _c2011 |
||
| 300 | _axv,980.' | ||
| 563 | _apaperback | ||
| 942 |
_2ddc _cBK |
||
| 999 |
_c586108 _d586108 |
||